Catálogo

Tratado de nutrición y alimentación / (Registro nro. 65053)

Detalles MARC
000 -LEADER
fixed length control field 01267ctm a2200349 i 4500
001 - CONTROL NUMBER
control field 65053
003 - CONTROL NUMBER IDENTIFIER
control field Mx-PuUPA
005 - DATE AND TIME OF LATEST TRANSACTION
control field 20210403221844.0
008 - FIXED-LENGTH DATA ELEMENTS--GENERAL INFORMATION
fixed length control field 050330s2018 sp ad fr 001 0 spa|d
020 ## - INTERNATIONAL STANDARD BOOK NUMBER
International Standard Book Number 8495199836
Qualifying information obra completa
020 ## - INTERNATIONAL STANDARD BOOK NUMBER
International Standard Book Number 9788495199843
Qualifying information volumen 1
020 ## - INTERNATIONAL STANDARD BOOK NUMBER
International Standard Book Number 9788495199850
Qualifying information volumen 2
040 ## - CATALOGING SOURCE
Original cataloging agency Mx-PuUPA
Language of cataloging spa
Transcribing agency Mx-PuUPA
Modifying agency Mx-PuUPA
Description conventions rda
041 0# - LANGUAGE CODE
Language code of text/sound track or separate title spa
245 00 - TITLE STATEMENT
Title Tratado de nutrición y alimentación /
Statement of responsibility, etc. José Mataix Verdú, [editor]
264 #4 - PRODUCTION, PUBLICATION, DISTRIBUTION, MANUFACTURE, AND COPYRIGHT NOTICE
Place of production, publication, distribution, manufacture Barcelona, España :
Name of producer, publisher, distributor, manufacturer Editorial OCEANO / Ergon,
Date of production, publication, distribution, manufacture, or copyright notice ©2018
300 ## - PHYSICAL DESCRIPTION
Extent 2 volúmenes (paginación varia) :
Other physical details ilustraciones, gráficas ;
Dimensions 30 cm
336 ## - CONTENT TYPE
Fuente rdacontent
Content type term texto
Content type code txt
337 ## - MEDIA TYPE
Source rdamedia
Media type term sin medio
Media type code n
338 ## - CARRIER TYPE
Source rdacarrier
Carrier type term volumen
Carrier type code nc
505 0# - FORMATTED CONTENTS NOTE
Formatted contents note Volumen 1.
Title Nutrientes y alimentos -
505 0# - FORMATTED CONTENTS NOTE
Formatted contents note Volumen 2.
Title Situaciones fisiológicas y patológicas.
650 #4 - SUBJECT ADDED ENTRY--TOPICAL TERM
Topical term or geographic name entry element Alimentos
Form subdivision Manuales
650 #4 - SUBJECT ADDED ENTRY--TOPICAL TERM
Topical term or geographic name entry element Nutrición
Form subdivision Manuales
650 #4 - SUBJECT ADDED ENTRY--TOPICAL TERM
Topical term or geographic name entry element Dieta
Form subdivision Manuales
650 #4 - SUBJECT ADDED ENTRY--TOPICAL TERM
Topical term or geographic name entry element Alimentos
General subdivision Composición
700 1# - ADDED ENTRY--PERSONAL NAME
Personal name Mataix Verdú, José,
Relator term editor
942 ## - ADDED ENTRY ELEMENTS (KOHA)
Source of classification or shelving scheme Dewey Decimal Classification
Koha item type Libro
Classification part 612.39
Item part T758
Existencias
Withdrawn status Lost status Source of classification or shelving scheme Damaged status Not for loan Collection code Home library Current library Shelving location Date acquired Serial Enumeration / chronology Total Checkouts Full call number Barcode Date last seen Price effective from Koha item type
    Dewey Decimal Classification     Referencia Biblioteca Karol Wojtyla Biblioteca Karol Wojtyla Área de silencio 10/03/2020 v.1   612.39 T758 2018 91348 05/01/2026 10/03/2020 Libro R
    Dewey Decimal Classification     Referencia Biblioteca Karol Wojtyla Biblioteca Karol Wojtyla Área de silencio 10/03/2020 v.2   612.39 T758 2018 91349 05/01/2026 10/03/2020 Libro R